| 000 | 00386nam a2200097Ia 4500 | ||
|---|---|---|---|
| 008 | 180130s9999 xx 000 0 und d | ||
| 245 |
_cKammerer, Roland; Obermaisser, Roman; Fromel, Bernhard _aA router for the containment of timing and value failures in CAN |
||
| 260 | _c2016 | ||
| 300 | _aBook title: Embedded system design--Acession number C20733; pages 50-63 | ||
| 650 | _aSYSTEM DESIGN | ||
| 999 |
_c354353 _d354353 |
||